Текст томруулах:    
Cost accounting (Бичлэгийн дугаар. 145987)
000 -УДИРДЛАГА
Удирдлага 00993nam a22003137a 4500
003 - ХЯНАЛТЫН ТОО ТОДОРХОЙЛОГЧ
Код MN-UlNUM
005 - БИЧИЛТ ХИЙСЭН ОГНОО
Тухайн бичилтийг бичсэн засварласан сүүлийн огноо 20251219151316.0
008 - ЕРӨНХИЙ МЭДЭЭЛЭЛ
Ерөнхий мэдээлэл 251219s1994 ohua|||| |||| 001 0 eng |
020 ## - ISBN
ISBN 0538828072
040 ## - БИЧЛЭГ ҮҮСГЭГЧ БАЙГУУЛЛАГА
Бичлэг үүсгэгч номын сангийн код МУИС-ийн номын сан
084 ## - ББК АНГИЛАЛ
Нэмэлт тусгалт Бусад
ББК ангилал 65.290-2
Зохиогчийн гурван тэмдэгт H 20
Мэдлэгийн ялгаа 65 - Эдийн засаг
100 1# - ЗОХИОГЧ
Зохиогчийн нэр Hammer, Lawrence H.
245 10 - ҮНДСЭН ГАРЧИГ
Номын нэр Cost accounting
Оролцогчдын тухай мэдээ Lawrence H. Hammer, William K. Carter, Milton F. Usry.
250 ## - ДАХИН ХЭВЛЭЛТ
Дахин гаралтын дугаар 11th ed.
260 ## - ГАРАЛТЫН МЭДЭЭ
Хэвлэгдсэн газар Cincinnati, OH :
Хэвлэлийн газар South-Western Pub. Co.,
Хэвлэгдсэн он 1994.
300 ## - МАТЕРИАЛЫН ТОДОРХОЙЛОЛТ
хуудасны тоо xxi, 839 p. :
Бусад тоон мэдээлэл ill. ;
Хэмжээ 27 cm.
500 ## - Тайлбар
Дансны дугаар БС 4637
546 ## - ХЭЛНИЙ ТУХАЙ МЭДЭЭ
Хэл Англи хэл дээр,
653 ## - Түлхүүр үг
Түлхүүр үг cost accounting
700 1# - ХАМ ЗОХИОГЧИД
Ба бус Carter, William K.
700 1# - ХАМ ЗОХИОГЧИД
Ба бус Usry, Milton F.
740 ## - НОМЫН ГАРЧИГ
Гарчиг Management, the Controller, and Cost Accounting
740 ## - НОМЫН ГАРЧИГ
Гарчиг Cost Concepts and the Cost Accounting Information System
740 ## - НОМЫН ГАРЧИГ
Гарчиг Cost Behavior Analysis
740 ## - НОМЫН ГАРЧИГ
Гарчиг Cost Systems and Cost Accumulation
942 ## - ЭЛЕМЕНТИЙН ТӨРӨЛ
Зүйлийн төрөл Ном